King Crimson - Cat Food - Lyrics - Statistics

General Stats
  • This quiz has been taken 6 times
  • The average score is 31 of 155
Answer Stats
Hint Answer % Correct
Cat
100%
cat
100%
food
67%
food,
67%
her
67%
I
67%
the
67%
you!"
67%
a
33%
again.
33%
apple
33%
basket
33%
caught
33%
complain
33%
Curry"
33%
especially
33%
even
33%
for
33%
horse
33%
"Hurry
33%
in
33%
insane
33%
Verse 2 | Verse 3 | Verse1 Lady
33%
mother's
33%
Chorus 2X No
33%
Not
33%
out
33%
"Poisoned
33%
quite
33%
rain
33%
Supermarket
33%
Your
33%
am
0%
an
0%
and
0%
back
0%
brew
0%
chemical
0%
chosen
0%
come
0%
conveniently
0%
course
0%
Croaking
0%
Don't
0%
door
0%
Drowning
0%
Dying
0%
"Eat
0%
Everything
0%
fable
0%
fillet
0%
finish
0%
flavor
0%
floor
0%
from
0%
frozen
0%
Goodies
0%
goods
0%
Grooming
0%
hampter
0%
hopper
0%
how
0%
If
0%
if
0%
is
0%
it
0%
it's
0%
Knocks
0%
Knows
0%
lable
0%
Lays
0%
managers
0%
miracle
0%
more"
0%
muzak
0%
need
0%
neighbor
0%
Never
0%
new
0%
of
0%
on
0%
one
0%
polishes
0%
rack
0%
rude
0%
saber
0%
sauce
0%
she
0%
she's
0%
shoe
0%
Shopper
0%
speaker
0%
Stamper
0%
stew
0%
table
0%
tell
0%
that
0%
think
0%
tin
0%
to
0%
up
0%
use
0%
while
0%
Whips
0%
Window
0%
with
0%
worry
0%
Yellow
0%
you're
0%
No matching quizzes found
Score Distribution
Percent of People with Each Score
Percentile by Number Answered
Your Score History
You have not taken this quiz